000 00280nam a22001337a 4500
008 170502b xxu||||| |||| 00| 0 eng d
020 _a0942728823
041 _aeng
080 _a343.9
100 _a14
101 _aSHJ
245 _aCRIMINAL LAW
_cKACI, J.H
942 _2udc
_cBK
999 _c12439
_d12439